|
|
|
|
| LEADER |
01063nam a2200229 4500 |
| 001 |
41418 |
| 003 |
BD-DhAAL |
| 005 |
20230829161324.0 |
| 008 |
230814t2002 bg a|||| |||| 00| 0 ben d |
| 020 |
|
|
|a 9848230841
|
| 040 |
|
|
|a BD-DhAAL
|d BD-DhAAL
|
| 082 |
|
|
|a 004
|2 22
|
| 100 |
|
|
|a জুবায়ের, আবু.
|9 55352
|
| 245 |
|
|
|a তথ্য প্রযুক্তি ও কম্পিউটার /
|b আবু জুবায়ের.
|
| 260 |
|
|
|a ঢাকা :
|b গ্রন্থকানন,
|c ২০০২.
|
| 300 |
|
|
|a ৩১৯ পৃষ্ঠা :
|b চিত্র ;
|c ২২ সে.মি.
|
| 541 |
|
|
|e 41418
|a RS campus, Saver.
|
| 650 |
|
|
|a Computers.
|
| 852 |
|
|
|a Ayesha Abed Library
|c General Stacks
|
| 942 |
|
|
|2 ddc
|c BK
|
| 999 |
|
|
|c 46094
|d 46094
|
| 952 |
|
|
|0 0
|1 0
|2 ddc
|4 0
|6 004_000000000000000_JUB
|7 0
|9 74219
|a SCL
|b SCL
|c GEN
|d 2023-08-14
|l 1
|m 2
|o 004 JUB
|p 3020041418
|r 2025-11-16
|s 2025-10-22
|t 1
|w 2023-08-14
|y BK
|x As directed by University librarian (30.05.2023), the accession of this book has been renewed. Previous Accession no of TARC, Savar: 4425
|